Loading...
Current Events | 1 | 10.00 | 100% | 0% | 0% |
Fine Arts - Auditory Fine Arts | 5 | 14.00 | 100% | 40% | 0% |
Fine Arts - Other Fine Arts | 5 | 12.00 | 80% | 40% | 0% |
Fine Arts - Visual Fine Arts | 5 | 16.00 | 100% | 40% | 20% |
History - American History | 4 | 17.50 | 75% | 75% | 25% |
History - European History | 3 | 16.67 | 100% | 67% | 0% |
History - Other History | 3 | 20.00 | 100% | 67% | 33% |
History - World History | 1 | 20.00 | 100% | 100% | 0% |
Literature - American Literature | 5 | 20.00 | 100% | 80% | 20% |
Literature - British Literature | 6 | 25.00 | 100% | 100% | 50% |
Literature - European Literature | 4 | 20.00 | 100% | 75% | 25% |
Literature - World Literature | 5 | 22.00 | 100% | 80% | 40% |
Mythology | 5 | 16.00 | 100% | 40% | 20% |
Philosophy | 5 | 14.00 | 100% | 20% | 20% |
Pop Culture | 2 | 25.00 | 100% | 100% | 50% |
Popular Culture | 1 | 10.00 | 100% | 0% | 0% |
Religion | 4 | 12.50 | 100% | 25% | 0% |
Religion- Edited | 1 | 20.00 | 100% | 100% | 0% |
Science - Biology | 4 | 15.00 | 75% | 25% | 50% |
Science - Chemistry | 4 | 27.50 | 100% | 75% | 100% |
Science - Other Science | 4 | 20.00 | 100% | 75% | 25% |
Science - Physics | 5 | 18.00 | 100% | 20% | 60% |
Social Science | 1 | 30.00 | 100% | 100% | 100% |